| 000 | 00501nam a2200181Ia 4500 | ||
|---|---|---|---|
| 001 | 23527 | ||
| 005 | 20260414150943.0 | ||
| 008 | 260414t2018||||xx |||||||||||||| ||spa|| | ||
| 041 | _aESP | ||
| 082 |
_a660.284 _bC28 |
||
| 100 |
_aCarrasco Venegas, Luis _eAUT |
||
| 245 | 0 |
_aModelamiento de los fenómenos de transporte : _bteoría, problemas y resultados de investigaciones |
|
| 260 | _c2018 | ||
| 300 |
_a812 páginas : _c25 cm. |
||
| 650 | _aTCA | ||
| 654 | _aCII | ||
| 942 |
_cLIB _dJUS _fJUS _2ddc _n |
||
| 999 |
_c23527 _d23527 |
||